| 000 | 00875cab a2200265 4500 | ||
|---|---|---|---|
| 001 | WB3410-07 | ||
| 008 | 090401t1998 xxu||||| |||| 00| 0 eng d | ||
| 035 | _a(Sirsi) u84812 | ||
| 041 | _aeng | ||
| 245 | _aHuge partnering savings | ||
| 260 | _c1998 | ||
| 350 | _a0 | ||
| 490 |
_aBuilding _v263(8029) 6 March 1998, 13(1) |
||
| 520 | _aA report by the Reading Construction Forum, "The Seven Pillars of Partnering", reveals that partnering agreements between clients and the construction team can produce time savings of more than 70% and cost savings of more than 40%. Due out 3 April. | ||
| 650 | _aCASE STUDIES | ||
| 650 | _aCONSTRUCTION CLIENTS | ||
| 650 | _aCOST REDUCTION | ||
| 650 | _aCOSTS | ||
| 650 | _aPARTNERING | ||
| 650 | _aREPORT | ||
| 650 | _aTIME | ||
| 690 | _aBUILT ENVIRONMENT-BUILDING CONTRACT FORMS | ||
| 942 | _n0 | ||
| 948 | _c11/03/1998 | ||
| 999 |
_c53330 _d53330 |
||